| 000 | 00776cam a2200253 4500 | ||
|---|---|---|---|
| 008 | |||
| 020 | _a0130764892 (pbk.) | ||
| 049 | _aMAIN | ||
| 090 |
_aQP187.A1 _bFRI |
||
| 100 | _aFrieden, Earl. | ||
| 245 | 0 |
_aBiochemical endocrinology of the vertebrates _c by Earl Frieden [and] Harry Lipner. |
|
| 260 |
_aNew Jersey : _bPrentice-Hall, _c1971. |
||
| 300 |
_axii, 164 p. _bill. _c24 cm. |
||
| 440 | 0 | _aFoundations of modern biochemistry series. | |
| 500 | _aIncludes index. | ||
| 504 | _aIncludes bibliographical references. | ||
| 650 | 0 | _aEndocrinology. | |
| 700 | _aLipner, Harry. | ||
| 907 |
_a.b10366441 _b23-11-15 _c19-11-15 |
||
| 003 | |||
| 005 | 20230123122159.0 | ||
| 040 | _cNUST | ||
| 942 |
_cBOOKS _kQP187.A1 _mFRI |
||
| 999 |
_c129194 _d129194 |
||